[Event "BCF-chT3W 2324 (4NCL)"]
[Site "England"]
[Date "2024.03.09"]
[Round "7.45"]
[White "Holroyd Doveton, Nathaniel"]
[Black "Walner, Milenko"]
[Result "1/2-1/2"]
[WhiteElo "1706"]
[BlackElo "1794"]
[PlyCount "109"]
[EventDate "2023.11.18"]
[EventType "team-tourn"]
[EventRounds "11"]
[EventCountry "ENG"]
[SourceTitle "EXT 2025"]
[Source "ChessBase"]
[SourceDate "2024.10.14"]
[SourceVersion "1"]
[SourceVersionDate "2024.10.14"]
[SourceQuality "1"]
[WhiteTeam "Chessable White Rose III"]
[BlackTeam "The MASCeteers"]
[WhiteTeamCountry "ENG"]
[BlackTeamCountry "ENG"]

1. c4 e5 2. Nc3 Nc6 3. g3 f5 4. Bg2 Nf6 5. d3 Bb4 6. Bd2 0-0 7. a3 Bxc3 8. Bxc3 d6 9. e3 Qe8 10. Ne2 Qh5 11. d4 Ne4 12. 0-0 Ng5 13. Nc1 Nh3+ 14. Bxh3 Qxh3 15. dxe5 Be6 16. b3 Nxe5 17. Bxe5 dxe5 18. f4 Rad8 19. Qe2 e4 20. Rd1 Bf7 21. Rxd8 Rxd8 22. Na2 Rd3 23. Rb1 Bh5 24. Qf2 Bf3 25. Nb4 Rd6 26. Nc2 h5 27. Ne1 Bg4 28. Rb2 h4 29. Qg2 Qxg2+ 30. Kxg2 Rd1 31. Kf2 hxg3+ 32. hxg3 Kf7 33. c5 Kf6 34. Rc2 Ra1 35. c6 b6 36. a4 Bd1 37. Rd2 Bxb3 38. Rd7 Bxa4 39. Rxc7 Ra2+ 40. Kf1 Bb5+ 41. Kg1 Re2 42. Ng2 Rc2 43. Rxa7 Rxc6 44. Rb7 g5 45. Rb8 Bc4 46. Rh8 Kg6 47. Rb8 b5 48. Rb7 Kh5 49. fxg5 Kxg5 50. Nf4 Kg4 51. Kg2 Bf1+ 52. Kxf1 Kf3 53. Ke1 Kxe3 54. Kd1 Rd6+ 55. Kc1 1/2-1/2

[Event "BCF-chT4 2223 (4NCL)"]
[Site "England"]
[Date "2023.04.29"]
[Round "9.45"]
[White "Walner, Milenko"]
[Black "Marsh, Roger DW"]
[Result "0-1"]
[WhiteElo "1779"]
[BlackElo "1933"]
[PlyCount "84"]
[EventDate "2022.11.05"]
[EventType "team-swiss"]
[EventRounds "11"]
[EventCountry "ENG"]
[SourceTitle "EXT 2024"]
[Source "ChessBase"]
[SourceDate "2023.10.10"]
[SourceVersion "1"]
[SourceVersionDate "2023.10.10"]
[SourceQuality "1"]
[WhiteTeam "MASCeteers"]
[BlackTeam "Wessex Some Stars"]
[WhiteTeamCountry "ENG"]
[BlackTeamCountry "ENG"]

1. e4 g6 2. d4 Bg7 3. h3 h5 4. Be2 c6 5. Nf3 d5 6. e5 Bg4 7. Ng5 Bxe2 8. Qxe2 e6 9. a4 Bf8 10. c3 c5 11. Qb5+ Qd7 12. Na3 Nc6 13. dxc5 a6 14. Qe2 Bxc5 15. b4 Bf8 16. Be3 Nh6 17. Rd1 Nxb4 18. Nc4 Qc6 19. Nb6 Rd8 20. a5 d4 21. cxb4 Qxg2 22. Qf3 Qxf3 23. Nxf3 dxe3 24. Ke2 Rxd1 25. Rxd1 exf2 26. Rd7 Bxb4 27. Rxb7 Be7 28. Rb8+ Bd8 29. Ra8 Ng4 30. Rxa6 Bxb6 31. axb6 Kd7 32. Ra7+ Kc6 33. Rxf7 Kxb6 34. Rg7 Ra8 35. Rf7 Kc6 36. Nd2 Kd5 37. Kd3 Ra3+ 38. Ke2 Re3+ 39. Kf1 Re1+ 40. Kg2 Rg1+ 41. Kf3 f1Q+ 42. Nxf1 Rxf1+ 0-1